Analysis of variance in household financial portfolio choice: evidence from Spain
Španielsky prieskum domácich financií. Cieľom analýzy je lepšie porozumieť rozhodnutiam súvisiacim s financovaním rizikových a bezrizikových portfólií španielskych domácností. Modely ekonometrické - viacrozmerný frakčný logit.
Guardado en:
| Autor principal: | |
|---|---|
| Otros Autores: | , |
| Formato: | Capítulo de libro |
| Lenguaje: | inglés |
| Materias: | |
| Etiquetas: |
Sin Etiquetas, Sea el primero en etiquetar este registro!
|
MARC
| LEADER | 00000nla a2200000 4500 | ||
|---|---|---|---|
| 001 | 0237352 | ||
| 005 | 20240417075129.4 | ||
| 041 | 0 | |a eng | |
| 044 | |a SK | ||
| 245 | 1 | 0 | |a Analysis of variance in household financial portfolio choice: evidence from Spain |c F. J. Callado - Muñoz, J. González - Chapela, N. Utrero - González |
| 520 | |a Španielsky prieskum domácich financií. Cieľom analýzy je lepšie porozumieť rozhodnutiam súvisiacim s financovaním rizikových a bezrizikových portfólií španielskych domácností. Modely ekonometrické - viacrozmerný frakčný logit. | ||
| 610 | 2 | 0 | |a portfólio |
| 610 | 2 | 0 | |a modely ekonometrické |
| 610 | 2 | 0 | |a investície súkromné |
| 610 | 2 | 0 | |a risk management |
| 610 | 2 | 0 | |a banky obchodné |
| 610 | 2 | 0 | |a Španielsko |
| 610 | 2 | 0 | |a fondy investičné |
| 610 | 2 | 0 | |a analýza finančná |
| 100 | 1 | |a Callado - Muñoz, F. J. | |
| 700 | 1 | |a González - Chapela, J. | |
| 700 | 1 | |a Utrero - González, N. | |